| 000 | 00956nam a2200253 a 4500 | ||
|---|---|---|---|
| 001 | 73783 | ||
| 003 | BD-RjUL | ||
| 005 | 20211209082439.0 | ||
| 008 | 170608s1948 nyua 000 0 eng | ||
| 035 | _a(BD-RjUL)74001 | ||
| 040 |
_aDLC _cODaWU _dBD-RjUL _beng |
||
| 041 | _aeng | ||
| 082 |
_223 _a541.345 _bVET 1948 |
||
| 100 | 1 |
_aVerwey, E. J. W. _q(Evert Johannes Willem) _931695 |
|
| 245 | 1 | 0 |
_aTheory of the stability of lyophobic colloids : _bthe interaction of sol particles having an electric double layer / _cby E. J. W. Verwey and J. Th. G. Overbeek, with the collaboration of K. Van Nes. |
| 260 |
_aNew York : _bElsevier Pub. Co., _cc1948. |
||
| 300 |
_axi, 205 p. : _bill. ; _c25 cm. |
||
| 650 | 0 |
_aColloids. _9218445 |
|
| 650 | 0 |
_aAdsorption. _9218446 |
|
| 650 | 0 |
_aIonization. _9218447 |
|
| 700 | 1 |
_aOverbeek, J. Th. G. _q(Jan Theodoor Gerard), _d1911- _ejoint author. _9218448 |
|
| 700 | 1 |
_aNes, K. van, _ejoint author. _9218449 |
|
| 942 |
_2ddc _cBK |
||
| 999 |
_c73783 _d73783 |
||